000 00609nam a2200205Ii 4500
003 JO-AjNU
008 230605s9999||||xx |||||||||||||| ||und||
017 _a2008/10/3786
040 _aJO-AjNU
_bara
_erda
_cJO-AjNU
041 _aara
050 1 4 _aPJ7808.M2.J32 2008
100 3 _aتأليف أبو ماضي، إيليا,
_eauthor
_948838
245 0 0 _aالجداول
264 3 1 _aعمان:وزارة الثقافة،2008
300 _a258ص
336 _atext
_btxt
_2rdacontent
337 _aunmediated
_bn
_2rdamedia
338 _avolume
_bnc
_2rdacarrier
650 4 _aالشعر العربي
_948839
999 _aA21414
_c24982
_d24982